000 00551nam a2200169 a 4500
001 000044127
005 20201002045150.0
008 140516s2001 sp 000 0 spa d
020 _a8489633576
040 _aDO-SdBNP
_bspa
_cBNPHU
100 1 _aUriarte, Edurme
_972131
245 1 0 _aDemocracia, nacionalismo y terrorismo /
_cEdurme Uriarte.
260 _aMadrid :
_bFundación para el análisis y los Estudios Sociales,
_c2001.
300 _a48 p. ;
_c22 cm.
490 1 _aPapeles de la Fundación
_v65
830 0 _aPapeles de la Fundación
_v65
_969193
999 _c43616
_d43616